| 000 | 00347 a2200109 4500 | ||
|---|---|---|---|
| 001 | ART_8019 | ||
| 005 | 20260410161639.0 | ||
| 008 | 260409a | ||
| 245 | 1 | 0 | _aFactura electrónica. Panorama internacional- Primera parte |
| 100 | 1 | _aEdelstein, Andrés M. | |
| 773 | 0 |
_tConsultor tributario _g- Vol. 2, Nº 22 (dic. 2008) _wREV474 |
|
| 999 |
_c13137 _d13137 |
||